000 00784nam a22002652a 4500
001 1649
003 BD-RjUL
005 20211208233359.0
008 131208s1971 nyua b 001 0 eng d
020 _a0060432330
035 _aOCLC ocm00157737 from D951128M
_a(BD-RjUL)1676
040 _aDLC
_cDLC
_dBD-RjUL
_beng
041 _aeng
082 _a150
_bISP 1971
100 1 _aIsaacson, Robert L.,
_d1928-
_95447
245 1 0 _aPsychology :
_bthe science of behavior /
_c[by] Robert L. Isaacson [and] Max L. Hutt
250 _a2d ed
260 _aNew York :
_bHarper and Row,
_cc1971
300 _ax, 433 p. :
_billus. ;
_c25 cm.
504 _aBibliography: p. 417-418
650 0 _aPsychology
_95448
700 1 _aHutt, Max L.
_95449
942 _2ddc
_cBK
999 _c1649
_d1649